00892 2200229 4500001002100000005001700021008004100038035002500079040001200104082001500116084002000131100001500151245022300166260004700389300004000436500008200476504002800558650003500586700001100621850001200632990001800644INLIS00000000000906520150806075437.0  a0010-081500000000503 aYOPDYOG 223a530.07 aSK 530.07 Ade P aADEKAYANTI aPenggunaan strategi inkuiri di dalam metode eksperimen dan metode demonstrasi di tinjau dari prestasi belajar fisika siswa pokok bahasan wujud zat pada siswa SMP Negeri 9 Yogyakarta tahun ajaran 2007/2008c/ Adekayanti aYogyakartabUniversitas Ahmad Dahlanc2007 axvi, 63 lembar.b: ilusc; 29,5 cm. aSkripsi Program Studi Pendidikan Fisika Fakultas Keguruan dan Ilmu Pendidikan aBibliografi: hlm. 61-63 aFisika -- Studi dan Pengajaran aWIDODO aYOPDYOG a47342-PD/A.15